000
00333nam a22001457a 4500
020
_a
93-84445-20-7
082
_a
894.812
_b
GAN/E
100
_a
RAGHAVAN PILLA, EDAPPALLI
245
_a
DR. M.GANGA DEVI
260
_a
THRIRUVANANTHAPURAM
_b
CHINTHA PUBLISHERS
_c
2015
300
_a
80
520
_a
NOVEL
650
_a
NOVEL
942
_c
BK
999
_c
5374
_d
5374